Orchestral works. Vol. 2 /

Bibliographic Details
Main Author: Penderecki, Krzysztof, 1933-2020
Corporate Author: Polskie Radio. Wielka Orkiestra Symfoniczna (Performer)
Other Authors: Wit, Antoni (Conductor), Penderecki, Krzysztof, 1933-
Format: CD Audio
Published: [Place of publication not identified] : Naxos ; [2000]
Subjects:

MARC

Tag First Indicator Second Indicator Subfields
LEADER 00000cjm a2200000Ia 4500
001 in00001684521
005 20201128063938.0
007 sd fsngnn---ed
008 000420p20001999xx syn efhi d
024 1 |a 636943456729 
028 0 2 |a 8.554567  |b Naxos 
033 1 0 |a 19990517  |a 19990518  |a 19990625  |a 19990626  |b 6524  |c K3 
035 |a (OCoLC)ocm43893349 
040 |a IXA  |c IXA  |d GZM  |d TXA  |d UtOrBLW 
041 0 |b eng  |b fre  |b spa 
045 1 |b d1973  |b d1992 
048 |a oa 
049 |a TXAM 
090 |a M1000.P45  |b O73 v.2 
100 1 |a Penderecki, Krzysztof,  |d 1933-2020. 
240 1 0 |a Orchestra music.  |k Selections 
245 1 0 |a Orchestral works.  |n Vol. 2 /  |c Penderecki. 
264 1 |a [Place of publication not identified] :  |b Naxos ;  |c [2000] 
264 2 |a Franklin, TN :  |b Distributed by Naxos of America, 
264 4 |c ℗2000 
300 |a 1 sound disc (68 min., 6 sec.) :  |b digital, stereo. ;  |c 4 3/4 in. 
306 |a 003737  |a 003027 
336 |a performed music  |b prm  |2 rdacontent 
337 |a audio  |b s  |2 rdamedia 
338 |a audio disc  |b sd  |2 rdacarrier 
511 0 |a National Polish Radio Symphony Orchestra (Katowice) ; Antoni Wit, conductor. 
518 |a Recorded at the Grzegorz Fitelberg Concert Hall, Katowice, Poland, May 17-18 (1st work) and June 25-26 (2nd work), 1999. 
500 |a Compact disc. 
500 |a Program notes in English, French and Spanish by Richard Whitehouse (8 pages), inserted in container. 
505 0 |a Symphony no. 5 (37:37) -- Symphony no. 1 (30:27). 
500 |a Sound recording. 
650 0 |a Symphonies. 
700 1 |a Wit, Antoni,  |e conductor. 
700 1 2 |a Penderecki, Krzysztof,  |d 1933-  |t Symphonies,  |n no. 5. 
700 1 2 |a Penderecki, Krzysztof,  |d 1933-  |t Symphonies,  |n no. 1. 
710 2 |a Polskie Radio.  |b Wielka Orkiestra Symfoniczna,  |e performer. 
994 |a E0  |b TXA 
948 |a cataloged  |b h  |c 2002/6/25  |d c  |e fpiscitelli  |f 2:35:14 pm 
999 |a MARS 
999 f f |s a36caddb-ffd0-33ae-b0d5-5e86e4c75b08  |i d8de22d4-493c-3b55-b34a-21ea8c2744f6  |t 0 
952 f f |p ric  |a Texas A&M University  |b Rellis Campus  |c Joint Library Facility  |d Remote Storage  |t 0  |e M1000.P45 O73 v.2  |h Library of Congress classification  |i audio -- audio disc  |m A14829194792 
998 f f |a M1000.P45 O73 v.2  |t 0  |l Remote Storage